[Event "FICGS W-ch st1 g04 email"]
[Site "FICGS email"]
[Date "2006.07.01"]
[Round "1"]
[White "Grazinys, Vidmantas"]
[Black "Berthelot, Eric"]
[Result "1-0"]
[WhiteElo "2239"]
[BlackElo "1317"]
[PlyCount "55"]
[EventDate "2006.??.??"]
[EventType "tourn (corr)"]
[EventRounds "8"]
[SourceTitle "Corr 2022"]
[Source "ChessBase"]
[SourceDate "2021.10.24"]
[SourceVersion "1"]
[SourceVersionDate "2021.10.24"]
[SourceQuality "1"]

1. e4 e5 2. Nf3 Nc6 3. Bc4 Nf6 4. Ng5 d5 5. exd5 Na5 6. Bb5+ c6 7. dxc6 bxc6 8. Be2 h6 9. Nf3 Bd7 10. Nxe5 Be7 11. d4 0-0 12. 0-0 Be6 13. Nc3 Bd6 14. Re1 Nd5 15. Ne4 Bxe5 16. dxe5 Nb7 17. Ba6 Rb8 18. c4 Nb4 19. Bxb7 Qxd1 20. Rxd1 Rxb7 21. b3 c5 22. Nxc5 Rc7 23. Ba3 Nc2 24. Nxe6 fxe6 25. Bxf8 Nxa1 26. Bd6 Rd7 27. Rxa1 Kf7 28. c5 1-0

[Event "FICGS W-ch st1 g04 email"]
[Site "FICGS email"]
[Date "2006.07.01"]
[Round "1"]
[White "Grazinys, Vidmantas"]
[Black "Sen, Tuncay"]
[Result "1-0"]
[WhiteElo "2239"]
[BlackElo "2066"]
[PlyCount "41"]
[EventDate "2006.??.??"]
[EventType "tourn (corr)"]
[EventRounds "8"]
[SourceTitle "Corr 2022"]
[Source "ChessBase"]
[SourceDate "2021.10.24"]
[SourceVersion "1"]
[SourceVersionDate "2021.10.24"]
[SourceQuality "1"]

1. e4 e5 2. Nc3 Nc6 3. Bc4 Nf6 4. Nf3 Bc5 5. d3 0-0 6. Bg5 h6 7. Bh4 d6 8. Na4 Bb6 9. Nxb6 axb6 10. Nd2 Na5 11. 0-0 Nxc4 12. Nxc4 Be6 13. Ne3 g5 14. Bg3 Bxa2 15. b3 h5 16. h4 Ng4 17. Nxg4 hxg4 18. Qxg4 f6 19. hxg5 fxg5 20. f4 exf4 21. Bxf4 1-0

[Event "FICGS W-ch st1 g04 email"]
[Site "FICGS email"]
[Date "2006.07.01"]
[Round "1"]
[White "Schwarz, Ingo"]
[Black "Grazinys, Vidmantas"]
[Result "0-1"]
[WhiteElo "2004"]
[BlackElo "2239"]
[PlyCount "46"]
[EventDate "2006.??.??"]
[EventType "tourn (corr)"]
[EventRounds "8"]
[SourceTitle "Corr 2022"]
[Source "ChessBase"]
[SourceDate "2021.10.24"]
[SourceVersion "1"]
[SourceVersionDate "2021.10.24"]
[SourceQuality "1"]

1. e4 e5 2. Bc4 Nc6 3. Nf3 Bc5 4. 0-0 Nf6 5. d3 d6 6. c3 0-0 7. d4 exd4 8. cxd4 Bb6 9. Nc3 Nxe4 10. Bxf7+ Rxf7 11. Nxe4 d5 12. Neg5 Rf8 13. Re1 Qd6 14. Qd3 Bf5 15. Qe3 h6 16. Ne6 Rfe8 17. Qf4 Bxe6 18. Qxd6 cxd6 19. Bf4 Bg4 20. Nd2 Bxd4 21. Bxd6 Bxb2 22. Rxe8+ Rxe8 23. Rb1 Bc3 0-1

[Event "FICGS class M 000002 email"]
[Site "FICGS email"]
[Date "2006.04.10"]
[Round "1"]
[White "Rada, Hannes"]
[Black "Grazinys, Vidmantas"]
[Result "1/2-1/2"]
[WhiteElo "2409"]
[BlackElo "2239"]
[PlyCount "56"]
[EventDate "2006.??.??"]
[EventType "tourn (corr)"]
[EventRounds "6"]
[SourceTitle "Corr 2022"]
[Source "ChessBase"]
[SourceDate "2021.10.24"]
[SourceVersion "1"]
[SourceVersionDate "2021.10.24"]
[SourceQuality "1"]

1. d4 d5 2. c4 e6 3. Nc3 Nf6 4. Bg5 Be7 5. e3 h6 6. Bh4 0-0 7. Rc1 b6 8. cxd5 exd5 9. Nf3 Bb7 10. Bd3 Ne4 11. Bxe7 Qxe7 12. 0-0 Nd7 13. Qb3 Ndf6 14. Rfd1 Ng4 15. Rc2 c5 16. dxc5 Nexf2 17. Rxf2 Qxe3 18. Qc2 bxc5 19. Bh7+ Kh8 20. Bf5 Nxf2 21. Qxf2 Qxf2+ 22. Kxf2 g6 23. Bh3 Rae8 24. Nxd5 Rd8 25. Ne3 Rxd1 26. Nxd1 Rd8 27. Ke1 Re8+ 28. Kf2 Rd8 1/2-1/2

[Event "CFriend RH-2005-0-00031 email"]
[Site "Chessfriend.com"]
[Date "2005.11.05"]
[Round "1"]
[White "Ralls, Richard Nelson"]
[Black "Grazinys, Vidmantas"]
[Result "1-0"]
[WhiteElo "2077"]
[BlackElo "2191"]
[PlyCount "75"]
[EventDate "2005.11.05"]
[EventType "tourn (corr)"]
[EventRounds "6"]
[SourceTitle "Corr 2008"]
[Source "ChessBase"]
[SourceDate "2008.06.24"]
[SourceVersion "1"]
[SourceVersionDate "2008.06.24"]
[SourceQuality "1"]

1. e4 e5 2. Nf3 Nc6 3. Bb5 a6 4. Ba4 Nf6 5. 0-0 Be7 6. Re1 b5 7. Bb3 0-0 8. c3 d5 9. exd5 Nxd5 10. Nxe5 Nxe5 11. Rxe5 c6 12. d4 Bd6 13. Re1 Qh4 14. g3 Qh3 15. Be3 Bg4 16. Qd3 Rae8 17. Nd2 Re6 18. a4 f5 19. axb5 f4 20. Bxf4 Bxf4 21. Rxe6 Bxe6 22. bxa6 Bxd2 23. Qxd2 Ra8 24. a7 Bf7 25. Qe2 Qd7 26. Qa6 g6 27. Bxd5 Bxd5 28. c4 Bf3 29. Qa3 Be4 30. Qb4 Qc8 31. Re1 Bf5 32. Re7 Qf8 33. Qb7 Rd8 34. d5 cxd5 35. cxd5 g5 36. d6 Bg6 37. Qd5+ Kh8 38. Qxg5 1-0

[Event "IECG CA.2003.0.00108 email"]
[Site "IECG email"]
[Date "2003.11.02"]
[Round "?"]
[White "Grazinys, Vidmantas"]
[Black "Marin, Pablo"]
[Result "0-1"]
[WhiteElo "2172"]
[BlackElo "2080"]
[PlyCount "30"]
[EventDate "2003.11.02"]
[EventType "tourn (corr)"]
[EventRounds "6"]
[SourceTitle "Corr 2024"]
[Source "ChessBase"]
[SourceDate "2023.10.19"]
[SourceVersion "1"]
[SourceVersionDate "2023.10.19"]
[SourceQuality "1"]

1. e4 e5 2. Nf3 Nc6 3. Bb5 a6 4. Bxc6 dxc6 5. 0-0 Bg4 6. h3 h5 7. d3 Qf6 8. Nbd2 Ne7 9. Re1 Ng6 10. d4 Bd6 11. hxg4 hxg4 12. Nh2 Rxh2 13. Qxg4 Qh4 14. Qxh4 Rxh4 15. Nf3 Rh5 0-1

[Event "IECG RH.2003.0.00009 email"]
[Site "IECG email"]
[Date "2003.09.25"]
[Round "?"]
[White "Krueger, Hilmar"]
[Black "Grazinys, Vidmantas"]
[Result "1/2-1/2"]
[WhiteElo "2314"]
[BlackElo "2172"]
[PlyCount "52"]
[EventDate "2003.09.25"]
[EventType "tourn (corr)"]
[EventRounds "6"]
[SourceTitle "Corr 2008"]
[Source "ChessBase"]
[SourceDate "2008.06.24"]
[SourceVersion "1"]
[SourceVersionDate "2008.06.24"]
[SourceQuality "1"]

1. e4 e5 2. Nf3 Nc6 3. Bc4 Bc5 4. c3 Nf6 5. d3 d6 6. Bb3 a6 7. Nbd2 0-0 8. h3 Be6 9. Nf1 Bxb3 10. axb3 d5 11. Qe2 dxe4 12. dxe4 Nh5 13. g3 Qd7 14. b4 Ba7 15. Be3 Nf6 16. Bxa7 Rxa7 17. g4 Raa8 18. Ng3 Rfd8 19. 0-0 Qe6 20. b5 axb5 21. Qxb5 Ne8 22. Rxa8 Rxa8 23. Nf5 Nd6 24. Nxd6 Qxd6 25. Qxb7 Rb8 26. Qa6 Nd4 1/2-1/2

[Event "IECG WC.2005.S.00009 email"]
[Site "IECG email"]
[Date "2003.05.19"]
[Round "?"]
[White "Bernal Moro, Luis Javier"]
[Black "Grazinys, Vidmantas"]
[Result "0-1"]
[WhiteElo "2410"]
[BlackElo "2117"]
[PlyCount "32"]
[EventDate "2003.05.19"]
[EventType "tourn (corr)"]
[EventRounds "10"]
[SourceTitle "Corr 2008"]
[Source "ChessBase"]
[SourceDate "2008.06.24"]
[SourceVersion "1"]
[SourceVersionDate "2008.06.24"]
[SourceQuality "1"]

1. Nf3 Nf6 2. c4 c5 3. Nc3 d5 4. cxd5 Nxd5 5. e3 Nxc3 6. bxc3 g6 7. Bb5+ Nd7 8. d4 Bg7 9. a4 0-0 10. 0-0 b6 11. Ba3 Bb7 12. Re1 Qc7 13. e4 Nf6 14. Bd3 Rfd8 15. a5 Nh5 16. Rc1 c4 0-1

[Event "IECG WC.2006.P.00004 email"]
[Site "IECG email"]
[Date "2003.01.22"]
[Round "?"]
[White "Skonieczny, Jerzy"]
[Black "Grazinys, Vidmantas"]
[Result "1-0"]
[WhiteElo "2320"]
[BlackElo "2130"]
[PlyCount "69"]
[EventDate "2003.01.22"]
[EventType "tourn (corr)"]
[EventRounds "10"]
[SourceTitle "Corr 2008"]
[Source "ChessBase"]
[SourceDate "2008.06.24"]
[SourceVersion "1"]
[SourceVersionDate "2008.06.24"]
[SourceQuality "1"]

1. e4 e5 2. f4 exf4 3. Nf3 g5 4. h4 g4 5. Ne5 Nf6 6. Bc4 d5 7. exd5 Bg7 8. d4 Nh5 9. 0-0 Qxh4 10. Qe1 Qxe1 11. Rxe1 0-0 12. Nc3 Nd7 13. Nb5 c6 14. dxc6 Nxe5 15. cxb7 Rb8 16. dxe5 Rxb7 17. b3 Be6 18. Nd6 Rd7 19. Ba3 Bxc4 20. bxc4 Rb8 21. Rad1 Re7 22. Nf5 Re6 23. Bd6 Rbe8 24. c5 Ng3 25. Nxg3 fxg3 26. c6 f5 27. c7 Kf7 28. Bb4 Rc8 29. Rd7+ Kg6 30. Ba5 f4 31. Rd8 Re8 32. e6 f3 33. Red1 h5 34. Rxc8 Rxc8 35. e7 1-0

[Event "IECG WC.2002.F.00005 email"]
[Site "IECG email"]
[Date "2002.12.15"]
[Round "?"]
[White "Grazinys, Vidmantas"]
[Black "Ellis, Roy Dominic"]
[Result "1-0"]
[WhiteElo "2119"]
[BlackElo "2142"]
[PlyCount "41"]
[EventDate "2002.12.15"]
[EventType "tourn (corr)"]
[EventRounds "10"]
[SourceTitle "Corr 2008"]
[Source "ChessBase"]
[SourceDate "2008.06.24"]
[SourceVersion "1"]
[SourceVersionDate "2008.06.24"]
[SourceQuality "1"]

1. e4 c6 2. d4 d5 3. Nd2 dxe4 4. Nxe4 Bf5 5. Ng3 Bg6 6. Nf3 Nd7 7. Bd3 e6 8. c3 Ngf6 9. Bg5 Qc7 10. Qc2 Bxd3 11. Qxd3 Bd6 12. Ne4 Nxe4 13. Qxe4 h6 14. Bh4 Nf6 15. Qe2 0-0 16. Bxf6 gxf6 17. 0-0-0 Qa5 18. Kb1 Qf5+ 19. Ka1 a5 20. g4 Qb5 21. c4 1-0

[Event "IECG WC.2002.F.00005 email"]
[Site "IECG email"]
[Date "2002.12.15"]
[Round "?"]
[White "Grazinys, Vidmantas"]
[Black "Giurgiu, Tiberiu"]
[Result "0-1"]
[WhiteElo "2119"]
[BlackElo "2113"]
[PlyCount "100"]
[EventDate "2002.12.15"]
[EventType "tourn (corr)"]
[EventRounds "10"]
[SourceTitle "Corr 2008"]
[Source "ChessBase"]
[SourceDate "2008.06.24"]
[SourceVersion "1"]
[SourceVersionDate "2008.06.24"]
[SourceQuality "1"]

1. e4 e5 2. Nf3 Nc6 3. Bb5 a6 4. Bxc6 dxc6 5. 0-0 Bg4 6. h3 h5 7. d3 Qf6 8. Nbd2 g5 9. Nc4 Bxf3 10. Qxf3 Qxf3 11. gxf3 f6 12. h4 gxh4 13. f4 exf4 14. Bxf4 Kd7 15. Kg2 Ne7 16. Kh3 Ng6 17. Bh2 Rg8 18. f4 b5 19. Ne3 Re8 20. c3 Bc5 21. Ng2 Bd6 22. b4 c5 23. bxc5 Bxc5 24. f5 Nf8 25. Nf4 Nh7 26. Nxh5 Ng5+ 27. Kxh4 Rh8 28. Bf4 Reg8 29. d4 Ba3 30. e5 Be7 31. Be3 Rh7 32. Kg4 Nh3+ 33. Kf3 Rxh5 34. Ke2 Ba3 35. Kd3 c5 36. dxc5 fxe5 37. Kc2 Rg3 38. Rae1 Nf4 39. Bf2 Rh2 40. Kb3 Rxf2 41. Rxf2 Bxc5 42. Rc2 Bd4 43. a4 Nd5 44. axb5 axb5 45. Ree2 Ke7 46. Rg2 Rf3 47. Rg7+ Kf6 48. Rd7 Nxc3 49. Kb4 Rd3 50. Rh7 e4 0-1